South Eastern Kenya University

Library Online Public Access Catalogue


Social media audit: (Record no. 13914)

MARC details
000 -LEADER
fixed length control field 00855cam a2200169 a 4500
020 ## - INTERNATIONAL STANDARD BOOK NUMBER
International Standard Book Number 9781461436027
020 ## - INTERNATIONAL STANDARD BOOK NUMBER
International Standard Book Number 1461436028
050 #4 - LIBRARY OF CONGRESS CALL NUMBER
Classification number HM742
Item number .G37 2013
100 1# - MAIN ENTRY--PERSONAL NAME
Personal name Gattiker, Urs E.
245 10 - TITLE STATEMENT
Title Social media audit
Medium [electronic resource] :
Remainder of title measure for impact /
Statement of responsibility, etc. Urs E. Gattiker.
260 ## - PUBLICATION, DISTRIBUTION, ETC. (IMPRINT)
Place of publication, distribution, etc. New York :
Name of publisher, distributor, etc. Springer,
Date of publication, distribution, etc. c2013.
500 ## - GENERAL NOTE
General note Includes index.
500 ## - GENERAL NOTE
General note Introduction -- Cost analysis: idtentifying direct and indirect social media costs -- Preparing for the social media audit -- Scope and focus of the social media asudit -- Development and management of the process -- Governance, compliance and maintenance of the process -- Evaluating the process : quality assurance -- Continuous improvement -- Conclusions.
650 #0 - SUBJECT ADDED ENTRY--TOPICAL TERM
General subdivision Auditing.
856 40 - ELECTRONIC LOCATION AND ACCESS
Uniform Resource Identifier <a href="http://www.columbia.edu/cgi-bin/cul/resolve?clio10192714">http://www.columbia.edu/cgi-bin/cul/resolve?clio10192714</a>
942 ## - ADDED ENTRY ELEMENTS (KOHA)
Source of classification or shelving scheme Library of Congress Classification
Koha item type General circulation
Holdings
Withdrawn status Lost status Source of classification or shelving scheme Damaged status Not for loan Home library Current library Shelving location Date acquired Total Checkouts Full call number Barcode Date last seen Price effective from Koha item type
    Library of Congress Classification     Main Campus Library Main Campus Library General Stacks 12/05/2016   HM742 .G37 2013 2016/017777 12/05/2016 12/05/2016 General circulation
Kitui, Kenya.
+254736116989
library@seku.ac.ke